000 00595nam a22001817a 4500
003 OSt
005 20250822031953.0
008 250822b |||||||| |||| 00| 0 eng d
020 _a1-56052-411-1
040 _cOC
082 _aCirc. 658.3 H326t 1996
100 _aHayes, D.
245 _aTraining managers to train :
_b improving employee performance, revised ed.
260 _bCrisp Learning,
_cc1996
300 _aviii, 88 pages :
_c 25 cm.
700 _aZaccarelli, Herman E.
942 _2ddc
_cBK-CIRC
_eRevised edition
_hCirc. 658.3 H326t 1996
_kCirc.
_n0
999 _c4167
_d4167